| 000 | 00373nam a2200133Ia 4500 | ||
|---|---|---|---|
| 005 | 20260326100031.0 | ||
| 008 | 260326s9999||||xx |||||||||||||| ||und|| | ||
| 100 | _aDos Santos, Mario R. | ||
| 245 | 0 |
_aCiudades y Sistemas Urbanos : _b EconomÃa inFormal y desorden espacial / _cMario R. Dos Santos |
|
| 260 | _bCLACSO | ||
| 300 | _a258 p. | ||
| 650 | _aURBANISMO | ||
| 942 | _cBK | ||
| 999 |
_c6601 _d6601 |
||